MARC

LEADER 00000nam0a2200000 4500
001 299557
005 20231102001220.0
035 |a (RuTPU)RU\TPU\book\324709 
090 |a 299557 
100 |a 20150630d1982 km y0rusy50 ca 
101 0 |a rus 
102 |a RU 
105 |a a z 001zy 
200 1 |a Охрана окружающей среды от загрязнения предприятиями черной металлургии  |f А. П. Шицкова [и др.] 
210 |a Москва  |c Металлургия  |d 1982 
215 |a 208 с.  |c ил. 
320 |a Библиогр.: с. 202-206 
606 1 |a Металлургические заводы  |x В целом  |2 stltpush  |3 (RuTPU)RU\TPU\subj\42742  |9 62382 
610 1 |a черная металлургия 
610 1 |a предприятия 
610 1 |a охрана окружающей среды 
610 1 |a загрязнение 
610 1 |a санитарный надзор 
610 1 |a защита 
610 1 |a атмосферный воздух 
610 1 |a сточные воды 
610 1 |a очистка 
610 1 |a вредные вещества 
610 1 |a нормирование 
675 |a 669.013  |v 4 
701 1 |a Шицкова  |b А. П. 
701 1 |a Новиков  |b Ю. В. 
701 1 |a Климкина  |b Н. В. 
701 1 |a Шаприцкий  |b В. Н. 
801 1 |a RU  |b 63413507  |c 20150630 
801 2 |a RU  |b 63413507  |c 20190329  |g RCR 
942 |c BK